Kpop - Choix de Tuiles #2 - Statistiques

Statistiques générales
  • Ce quiz a été pris 245 fois
  • Le résultat moyen est 29 sur 48
Statistiques - réponses
Question Tuile Select % Correct
Groupes féminins Astro Non
96%
Groupes féminins KNK Non
93%
Groupes ayant DÉBUTÉ avec 7 membres Seventeen Non
93%
Groupes féminins AB6IX Non
92%
Groupes féminins A.C.E Non
92%
Groupes ayant DÉBUTÉ avec 7 membres BTS Oui
90%
Groupes féminins Pixy Oui
84%
Groupes ayant DÉBUTÉ avec 7 membres Stray Kids Non
84%
Groupes féminins F(x) Oui
83%
Idols ayant débuté dans plusieurs groupes différents (Les sous-unités des groupes et les débuts solos ne sont pas prises en compte) Seungmin Non
83%
Groupes ayant DÉBUTÉ avec 7 membres Ateez Non
81%
Groupes féminins Lovelyz Oui
81%
Idols ayant débuté dans plusieurs groupes différents (Les sous-unités des groupes et les débuts solos ne sont pas prises en compte) Sehun Non
81%
Groupes féminins CIX Non
79%
Groupes ayant DÉBUTÉ avec 7 membres Young Posse Non
76%
Groupes ayant DÉBUTÉ avec 7 membres Kingdom Non
74%
Idols né.e.s en 2000 Sakura - Le Sserafim Non
73%
Groupes féminins Tri.be Oui
73%
Groupes féminins EVNNE Non
70%
Idols né.e.s en 2000 Yeonjun - TXT Non
69%
Groupes ayant DÉBUTÉ avec 7 membres Cherry Bullet Non
68%
Idols né.e.s en 2000 Yuna - Itzy Non
68%
Idols ayant débuté dans plusieurs groupes différents (Les sous-unités des groupes et les débuts solos ne sont pas prises en compte) Yuta Non
67%
Idols ayant débuté dans plusieurs groupes différents (Les sous-unités des groupes et les débuts solos ne sont pas prises en compte) Winwin Non
66%
Idols né.e.s en 2000 An Yujin - IVE Non
64%
Idols né.e.s en 2000 Hyunjin - Stray Kids Oui
64%
Idols né.e.s en 2000 Keeho - P1Harmony Non
63%
Idols ayant débuté dans plusieurs groupes différents (Les sous-unités des groupes et les débuts solos ne sont pas prises en compte) HyunA Oui
59%
Idols ayant débuté dans plusieurs groupes différents (Les sous-unités des groupes et les débuts solos ne sont pas prises en compte) Yunjin Non
55%
Idols ayant débuté dans plusieurs groupes différents (Les sous-unités des groupes et les débuts solos ne sont pas prises en compte) Mark Lee Oui
52%
Groupes ayant DÉBUTÉ avec 7 membres Billie Non
51%
Idols né.e.s en 2000 Karina - aespa Oui
51%
Groupes ayant DÉBUTÉ avec 7 membres Dreamcatcher Oui
49%
Idols ayant débuté dans plusieurs groupes différents (Les sous-unités des groupes et les débuts solos ne sont pas prises en compte) Taeyeon Oui
49%
Idols né.e.s en 2000 Jongho - Ateez Oui
47%
Idols né.e.s en 2000 Shuhua - (G)-Idle Oui
43%
Groupes féminins gugudan Oui
42%
Idols ayant débuté dans plusieurs groupes différents (Les sous-unités des groupes et les débuts solos ne sont pas prises en compte) Baekhyun Oui
36%
Groupes ayant DÉBUTÉ avec 7 membres 2PM Oui
32%
Idols ayant débuté dans plusieurs groupes différents (Les sous-unités des groupes et les débuts solos ne sont pas prises en compte) Wendy Oui
32%
Idols né.e.s en 2000 Shotaro - Riize Oui
31%
Idols ayant débuté dans plusieurs groupes différents (Les sous-unités des groupes et les débuts solos ne sont pas prises en compte) Kim Sejeong Oui
26%
Groupes féminins Diawings Oui
24%
Groupes ayant DÉBUTÉ avec 7 membres Block B Oui
23%
Idols né.e.s en 2000 Mia - Everglow Oui
22%
Idols ayant débuté dans plusieurs groupes différents (Les sous-unités des groupes et les débuts solos ne sont pas prises en compte) Yuki Oui
16%
Groupes ayant DÉBUTÉ avec 7 membres Verivery Oui
15%
Idols né.e.s en 2000 Xion - Oneus Oui
11%
Aucun quiz correspondant
Distribution des résultats
% des personnes avec chaque résultat
Percentile par nombre de réponses
Votre historique - résultats
Vous n’avez pas pris ce quiz